[Event "Tres Cantos op 4th"]
[Site "Tres Cantos"]
[Date "2012.06.29"]
[Round "9"]
[White "Sebastian Enesco, Alex"]
[Black "De Torres Lopez, Javier"]
[Result "0-1"]
[WhiteElo "1806"]
[BlackElo "1627"]
[PlyCount "88"]
[EventDate "2012.06.21"]
[EventType "swiss"]
[EventRounds "9"]
[EventCountry "ESP"]
[SourceTitle "CBM 149 Extra"]
[Source "ChessBase"]
[SourceDate "2012.08.24"]
[SourceVersion "1"]
[SourceVersionDate "2012.08.24"]
[SourceQuality "1"]

1. d4 d5 2. c4 c6 3. e3 e6 4. Nf3 Nf6 5. Nc3 Nbd7 6. Bd3 dxc4 7. Bxc4 b5 8. Bd3 Bd6 9. e4 e5 10. 0-0 0-0 11. Bg5 h6 12. Bh4 exd4 13. Nxd4 Ne5 14. f4 Nxd3 15. Qxd3 Bc5 16. Nce2 Bg4 17. Bxf6 Qxf6 18. Kh1 Bxe2 19. Nxe2 Qxb2 20. Ng3 Qd4 21. Qf3 Kh7 22. Nf5 Qf6 23. Qh5 Qg6 24. Qh3 Qe6 25. Rf3 Qxe4 26. Rg3 Bd4 27. Rd1 Rad8 28. Rf1 Rfe8 29. Rgf3 Qe2 30. Qg4 g6 31. Nh4 Re3 32. f5 g5 33. f6 Rxf3 34. Qxf3 Qxf3 35. Nxf3 Bxf6 36. h3 Kg6 37. Nh2 h5 38. Rc1 Rd2 39. Nf3 Rxa2 40. Rxc6 Kg7 41. Kh2 b4 42. Rc5 Ra6 43. Nd2 Ra2 44. Nc4 Rc2 0-1

[Event "Tres Cantos op 3rd"]
[Site "Tres Cantos"]
[Date "2011.06.27"]
[Round "6"]
[White "De Torres Lopez, Javier"]
[Black "Garcia Fernandez, Antolin"]
[Result "0-1"]
[WhiteElo "1645"]
[BlackElo "1765"]
[PlyCount "68"]
[EventDate "2011.06.22"]
[EventType "swiss"]
[EventRounds "9"]
[EventCountry "ESP"]
[SourceTitle "EXT 2012"]
[Source "ChessBase"]
[SourceDate "2011.11.24"]
[SourceVersion "1"]
[SourceVersionDate "2011.11.24"]
[SourceQuality "1"]

1. f4 c5 2. Nf3 Nf6 3. e3 Nc6 4. b3 g6 5. Nc3 Bg7 6. Bd3 d6 7. 0-0 Bg4 8. Bb2 0-0 9. h3 Bd7 10. Qe1 Nb4 11. a3 Nxd3 12. cxd3 b5 13. Ne4 Qb6 14. Nxf6+ exf6 15. Qh4 d5 16. g4 h6 17. Bxf6 Qxf6 18. g5 Qe7 19. d4 c4 20. bxc4 bxc4 21. gxh6 Qxh4 22. Nxh4 Bxh6 23. Kh2 Rab8 24. f5 Kh7 25. Rf3 Bg5 26. fxg6+ fxg6 27. Rxf8 Rxf8 28. Ng2 Rf2 29. Rd1 Ba4 30. Rb1 Bb3 31. Kg3 Rxd2 32. h4 Bh6 33. Kf3 Bc2 34. Rb7+ Kg8 0-1